Mama, dia saya punya! (Record no. 130440)

MARC details
000 -LEADER
fixed length control field 00657nam a2200241 i 4500
001 - CONTROL NUMBER
control field C2-0331735
003 - CONTROL NUMBER IDENTIFIER
control field PPAK
005 - DATE AND TIME OF LATEST TRANSACTION
control field 20180728132051.0
008 - FIXED-LENGTH DATA ELEMENTS--GENERAL INFORMATION
fixed length control field 150630s2015 my |||| ||||| | may d
020 ## - INTERNATIONAL STANDARD BOOK NUMBER
International Standard Book Number 9789678605274
040 ## - CATALOGING SOURCE
Original cataloging agency PPAK
Language of cataloging eng
Transcribing agency PPAK
Description conventions rda
082 04 - DEWEY DECIMAL CLASSIFICATION NUMBER
Classification number 899.233
Edition number 23
090 00 - LOCALLY ASSIGNED LC-TYPE CALL NUMBER (OCLC); LOCAL CALL NUMBER (RLIN)
Classification number (OCLC) (R) ; Classification number, CALL (RLIN) (NR) 899.233
Feature heading AIR
Feature heading G
100 0# - MAIN ENTRY--PERSONAL NAME
Personal name Aireen Erina,
Relator term author
245 10 - TITLE STATEMENT
Title Mama, dia saya punya!
264 #1 - PRODUCTION, PUBLICATION, DISTRIBUTION, MANUFACTURE, AND COPYRIGHT NOTICE
Place of production, publication, distribution, manufacture Shah Alam, Selangor :
Name of producer, publisher, distributor, manufacturer Grup Buku Karangkraf Sdn. Bhd. ,
Date of production, publication, distribution, manufacture, or copyright notice 2015
300 ## - PHYSICAL DESCRIPTION
Extent 487 pages ;
Dimensions 19 cm
336 ## - CONTENT TYPE
Source rdacontent
Content type term text
337 ## - MEDIA TYPE
Source rdamedia
Media type term unmediated
338 ## - CARRIER TYPE
Source rdacarrier
Carrier type term volume
650 10 - SUBJECT ADDED ENTRY--TOPICAL TERM
Topical term or geographic name entry element Malay fiction.
942 ## - ADDED ENTRY ELEMENTS (KOHA)
-- dc
Koha item type Book
Holdings
Withdrawn Not for loan Current library Shelving location Date acquired Full call number Barcode Date last seen Koha item type Total Checkouts Date last checked out
    Perpustakaan Kulim Pinjaman Dewasa 13/07/2015 899.233 AIR A01461903 27/02/2022 Book 1 16/02/2022
    Bergerak 1, Alor Setar Pinjaman Dewasa 13/07/2015 899.233 AIR A01461899 09/05/2018 Book    
    Bergerak 3, Baling Pinjaman Dewasa 13/07/2015 899.233 AIR A01461901 09/05/2018 Book    
    Bergerak 4, Sungai Petani Pinjaman Dewasa 13/07/2015 899.233 AIR A01461902 09/05/2018 Book